[Event "25. Copenhagen Open  (Politiken Cup)"]
[Site "Copenhagen"]
[Date "2003.07.17"]
[Round "4"]
[White "Aabling Thomsen, Jakob"]
[Black "Zachariassen, John"]
[Result "1-0"]
[WhiteElo "2158"]
[BlackElo "1781"]
[PlyCount "79"]
[EventDate "2003.07.14"]
[EventType "swiss"]
[EventRounds "11"]
[EventCountry "DEN"]
[SourceDate "2004.01.01"]

1. e4 d5 2. exd5 Nf6 3. d4 e6 4. dxe6 Bxe6 5. Nf3 Nc6 6. Bb5 Bd6 7. O-O O-O 8.
Bg5 Bg4 9. c3 h6 10. Bh4 g5 11. Bg3 Nh5 12. Bxd6 cxd6 13. h3 Bc8 14. Nbd2 Nf4
15. Ne4 f5 16. Ng3 g4 17. hxg4 fxg4 18. Nd2 h5 19. Ne2 d5 20. Nxf4 Rxf4 21. Qc2
Qg5 22. Rae1 Bd7 23. Bxc6 bxc6 24. Re5 Rf5 25. Rfe1 Raf8 26. Nf1 h4 27. Qd3
R8f7 28. Rxf5 Bxf5 29. Qe3 Qf6 30. Qe5 Qg6 31. Qb8+ Rf8 32. Qxa7 Be4 33. Qd7 h3
34. Nh2 Bf5 35. Qc7 Rf7 36. Re8+ Rf8 37. Rxf8+ Kxf8 38. Nf1 hxg2 39. Ne3 Qe6
40. Qf4 1-0

[Event "25. Copenhagen Open  (Politiken Cup)"]
[Site "Copenhagen"]
[Date "2003.07.17"]
[Round "4"]
[White "Adamski, Jan"]
[Black "Schmied, Andreas"]
[Result "1-0"]
[WhiteElo "2335"]
[BlackElo "2124"]
[PlyCount "73"]
[EventDate "2003.07.14"]
[EventType "swiss"]
[EventRounds "11"]
[EventCountry "DEN"]
[SourceDate "2004.01.01"]

1. c4 f5 2. g3 Nf6 3. Bg2 d6 4. Nc3 g6 5. d3 Bg7 6. e4 O-O 7. Nge2 Nc6 8. O-O
Rb8 9. h3 e5 10. Be3 Be6 11. Nd5 Qd7 12. Kh2 a6 13. Rc1 Ne7 14. Qd2 Rf7 15.
Nxf6+ Rxf6 16. d4 Rff8 17. f4 fxe4 18. d5 Bf7 19. fxe5 Bxe5 20. Bxe4 Nf5 21.
Bxf5 gxf5 22. Rce1 b5 23. c5 dxc5 24. Bxc5 Rfe8 25. Nf4 Bxf4 26. gxf4 Rxe1 27.
Qg2+ Bg6 28. Rxe1 Re8 29. Re5 Qf7 30. h4 h5 31. Qg5 Kh7 32. Be7 Qg8 33. Re6 a5
34. Kh3 Qf7 35. a3 c6 36. Rf6 Qg7 37. d6 1-0

[Event "25. Copenhagen Open  (Politiken Cup)"]
[Site "Copenhagen"]
[Date "2003.07.17"]
[Round "4"]
[White "Agustsson, Hafsteinn"]
[Black "Nilsson, Jonas"]
[Result "1/2-1/2"]
[WhiteElo "1929"]
[BlackElo "1631"]
[PlyCount "63"]
[EventDate "2003.07.14"]
[EventType "swiss"]
[EventRounds "11"]
[EventCountry "DEN"]
[SourceDate "2004.01.01"]

1. e4 e6 2. d4 d5 3. Nc3 Bb4 4. e5 c5 5. a3 cxd4 6. axb4 dxc3 7. Qg4 Kf8 8.
bxc3 Qc7 9. Qg3 Ne7 10. f4 b6 11. Kd2 Bb7 12. Ba3 Nf5 13. b5+ Kg8 14. Qd3 h5
15. Nf3 Nd7 16. Nd4 Nc5 17. Bxc5 Qxc5 18. Be2 Nxd4 19. cxd4 Qb4+ 20. Ke3 Rc8
21. Rhb1 Qe7 22. Rxa7 g6 23. h4 Rc7 24. g3 Kg7 25. Qd1 Kh6 26. Bd3 f5 27. Qd2
Rd8 28. Qb4 Qd7 29. Rb3 Qc8 30. Kd2 Rc4 31. Qe7 Rc7 32. Qb4 1/2-1/2

[Event "25. Copenhagen Open  (Politiken Cup)"]
[Site "Copenhagen"]
[Date "2003.07.17"]
[Round "4"]
[White "Anders, Maik"]
[Black "Moller, Arne"]
[Result "1/2-1/2"]
[WhiteElo "1558"]
[BlackElo "1975"]
[PlyCount "84"]
[EventDate "2003.07.14"]
[EventType "swiss"]
[EventRounds "11"]
[EventCountry "DEN"]
[SourceDate "2004.01.01"]

1. d4 Nf6 2. c4 e6 3. Nc3 Bb4 4. Qc2 c5 5. dxc5 Bxc5 6. Bf4 Nc6 7. Nf3 a6 8.
Rd1 Qa5 9. a3 Be7 10. e3 O-O 11. Be2 e5 12. Bg3 d6 13. O-O h6 14. Nh4 Be6 15.
Nf5 Rac8 16. Nxd6 Bxd6 17. Rxd6 Ne7 18. Ne4 Ne8 19. Rd2 Bxc4 20. Bxc4 b5 21.
Bxf7+ Rxf7 22. Qb3 Rc4 23. Nd6 Qxd2 24. Nxf7 Kxf7 25. Bxe5 Qd5 26. Bc3 Kg6 27.
Qc2+ Qf5 28. Qd1 Nf6 29. Qd6 Nc6 30. Rd1 Kh7 31. Qf8 Ne5 32. h3 Rh4 33. Qd8
Nf3+ 34. Kf1 Ne5 35. Qb8 Ne4 36. f4 Nxc3 37. bxc3 Nc4 38. Rd8 Nxe3+ 39. Ke2 Nc4
40. Rh8+ Kg6 41. Qe8+ Qf7 42. Qe4+ Qf5 1/2-1/2

[Event "25. Copenhagen Open  (Politiken Cup)"]
[Site "Copenhagen"]
[Date "2003.07.17"]
[Round "4"]
[White "Andersen, Bjarne Hjorth"]
[Black "Nielsen, Poul Bang"]
[Result "1-0"]
[WhiteElo "1807"]
[BlackElo "1100"]
[PlyCount "53"]
[EventDate "2003.07.14"]
[EventType "swiss"]
[EventRounds "11"]
[EventCountry "DEN"]
[SourceDate "2004.01.01"]

1. e4 c5 2. Nc3 d6 3. g3 Nc6 4. Bg2 Nf6 5. d3 g6 6. h3 Bg7 7. Be3 O-O 8. f4 Qc7
9. Nf3 Re8 10. O-O a6 11. Ne2 Bd7 12. Rb1 Rad8 13. g4 Qc8 14. Ng3 h5 15. gxh5
Bxh3 16. hxg6 fxg6 17. Ng5 Bxg2 18. Kxg2 Ng4 19. Bd2 Bd4 20. c3 Be3 21. Qe2
Bxd2 22. Qxd2 Kg7 23. f5 Rh8 24. Rh1 Rxh1 25. Rxh1 Rh8 26. Ne6+ Kf6 27. Qg5+
1-0

[Event "25. Copenhagen Open  (Politiken Cup)"]
[Site "Copenhagen"]
[Date "2003.07.17"]
[Round "4"]
[White "Andersson, Christin"]
[Black "Brinck Claussen, Bjorn"]
[Result "1/2-1/2"]
[WhiteElo "2149"]
[BlackElo "2355"]
[PlyCount "41"]
[EventDate "2003.07.14"]
[EventType "swiss"]
[EventRounds "11"]
[EventCountry "DEN"]
[SourceDate "2004.01.01"]

1. e4 e6 2. d4 d5 3. exd5 exd5 4. Nf3 Nf6 5. Bd3 Be7 6. O-O Bg4 7. Re1 O-O 8.
Bg5 Nbd7 9. c3 Re8 10. Nbd2 Nf8 11. Qb3 Rb8 12. Bxf6 gxf6 13. Nh4 Qd7 14. Qc2
Ng6 15. Nxg6 hxg6 16. Bxg6 fxg6 17. Qxg6+ Kh8 18. Qh6+ Kg8 19. Qg6+ Kh8 20.
Qh6+ Kg8 21. Qg6+ 1/2-1/2

[Event "25. Copenhagen Open  (Politiken Cup)"]
[Site "Copenhagen"]
[Date "2003.07.17"]
[Round "4"]
[White "Auchenberg, Einar"]
[Black "Larsen, Alex"]
[Result "0-1"]
[WhiteElo "1549"]
[BlackElo "1305"]
[PlyCount "102"]
[EventDate "2003.07.14"]
[EventType "swiss"]
[EventRounds "11"]
[EventCountry "DEN"]
[SourceDate "2004.01.01"]

1. e4 e5 2. Nc3 Nf6 3. f4 d5 4. fxe5 Nxe4 5. Nxe4 dxe4 6. d4 exd3 7. Bxd3 Qh4+
8. g3 Qg4 9. Qf3 Bc5 10. Qe4 Qxe4+ 11. Bxe4 O-O 12. Nf3 c6 13. h4 Bg4 14. Bf4
Bxf3 15. Bxf3 Rd8 16. Ke2 Na6 17. c3 Nc7 18. b4 Bb6 19. c4 Ne6 20. c5 Bc7 21.
a3 Nd4+ 22. Kf2 Ne6 23. Rad1 a5 24. b5 cxb5 25. Bxb7 Rab8 26. c6 Nc5 27. Rxd8+
Rxd8 28. Rb1 b4 29. axb4 axb4 30. e6 Nxe6 31. Bxc7 Nxc7 32. Rxb4 f5 33. g4 fxg4
34. Rxg4 g6 35. Ke3 Rd5 36. Bc8 Rd6 37. Rc4 Kg7 38. Rc5 Kf6 39. Ke4 Rd1 40. Bg4
Re1+ 41. Kd4 h5 42. Bd7 Rh1 43. Rd5 Rxh4+ 44. Kc5 Rh1 45. Kd6 Nxd5 46. Kxd5 Rc1
47. Be8 Kg5 48. Kd6 h4 49. c7 h3 50. Bc6 Rxc6+ 51. Kxc6 h2 0-1

[Event "25. Copenhagen Open  (Politiken Cup)"]
[Site "Copenhagen"]
[Date "2003.07.17"]
[Round "4"]
[White "Bekker Jensen, Dorte"]
[Black "Stam, Bart"]
[Result "1/2-1/2"]
[WhiteElo "1593"]
[BlackElo "2058"]
[PlyCount "45"]
[EventDate "2003.07.14"]
[EventType "swiss"]
[EventRounds "11"]
[EventCountry "DEN"]
[SourceDate "2004.01.01"]

1. d4 Nf6 2. c4 e6 3. Nc3 d5 4. cxd5 exd5 5. Bg5 Be7 6. e3 Nbd7 7. Qc2 Nf8 8.
Bd3 Bg4 9. Bxf6 Bxf6 10. Qb3 c6 11. Qxb7 Bd7 12. Qb3 Rb8 13. Qc2 Qa5 14. Nge2
g6 15. O-O Ne6 16. a3 O-O 17. b4 Qd8 18. Rab1 Be7 19. e4 dxe4 20. Bxe4 f5 21.
Bf3 Ng5 22. Qd3 f4 23. Rbd1 1/2-1/2

[Event "25. Copenhagen Open  (Politiken Cup)"]
[Site "Copenhagen"]
[Date "2003.07.17"]
[Round "4"]
[White "Bjerke, Silje"]
[Black "Fogh, Jens Olaf Svanholm"]
[Result "1-0"]
[WhiteElo "2093"]
[BlackElo "1568"]
[PlyCount "55"]
[EventDate "2003.07.14"]
[EventType "swiss"]
[EventRounds "11"]
[EventCountry "DEN"]
[SourceDate "2004.01.01"]

1. d4 Nf6 2. c4 c5 3. d5 b5 4. cxb5 a6 5. f3 e6 6. e4 exd5 7. e5 Qe7 8. Qe2 Ng8
9. Nc3 Bb7 10. Bf4 c4 11. O-O-O axb5 12. Nxb5 Qc5 13. Nd6+ Bxd6 14. exd6+ Kf8
15. Kb1 Nc6 16. Qd2 Na5 17. Ne2 Qa7 18. Be3 Qa6 19. Nc3 Nf6 20. Bd4 Bc6 21.
Bxf6 gxf6 22. Qh6+ Kg8 23. Rd4 f5 24. g4 Nb3 25. gxf5 f6 26. Rg4+ Kf7 27. Qg7+
Ke8 28. Qe7# 1-0

[Event "25. Copenhagen Open  (Politiken Cup)"]
[Site "Copenhagen"]
[Date "2003.07.17"]
[Round "4"]
[White "Bleis, Christian"]
[Black "Rosenkilde, Alexander"]
[Result "1/2-1/2"]
[WhiteElo "2252"]
[BlackElo "1699"]
[PlyCount "62"]
[EventDate "2003.07.14"]
[EventType "swiss"]
[EventRounds "11"]
[EventCountry "DEN"]
[SourceDate "2004.01.01"]

1. d4 Nf6 2. c4 e6 3. Nc3 Bb4 4. Nf3 b6 5. Bg5 Bb7 6. Nd2 c5 7. a3 cxd4 8. axb4
dxc3 9. bxc3 d5 10. cxd5 Qxd5 11. Bxf6 gxf6 12. e3 Nd7 13. Nc4 Ke7 14. Qb3 b5
15. Na5 Qxb3 16. Nxb3 a6 17. f3 Rac8 18. Rc1 Bd5 19. Nd2 Nb6 20. e4 Bc4 21.
Bxc4 Nxc4 22. Nb3 Nb2 23. Nc5 Rxc5 24. Rc2 Nd3+ 25. Kd2 Nxb4 26. cxb4 Rd8+ 27.
Kc1 Rxc2+ 28. Kxc2 Rd6 29. h4 Rc6+ 30. Kb3 Rd6 31. Kc3 Rc6+ 1/2-1/2

[Event "25. Copenhagen Open  (Politiken Cup)"]
[Site "Copenhagen"]
[Date "2003.07.17"]
[Round "4"]
[White "Busk, Casper"]
[Black "Tuomisto, Keijo"]
[Result "1-0"]
[WhiteElo "2126"]
[BlackElo "1780"]
[PlyCount "85"]
[EventDate "2003.07.14"]
[EventType "swiss"]
[EventRounds "11"]
[EventCountry "DEN"]
[SourceDate "2004.01.01"]

1. e4 g6 2. d4 Bg7 3. Nc3 d6 4. Be2 a6 5. Be3 Nf6 6. h4 h5 7. f3 Nbd7 8. Nh3 b5
9. a3 Bb7 10. Qd2 Nb6 11. O-O-O Nc4 12. Bxc4 bxc4 13. Nf2 Qc8 14. Qe2 d5 15. g4
dxe4 16. fxe4 Nxg4 17. Nxg4 Qxg4 18. Qxc4 Qd7 19. Rhg1 a5 20. Rdf1 Rf8 21. Nd5
Bxd5 22. exd5 Rc8 23. Qc5 c6 24. dxc6 Qxc6 25. Qxc6+ Rxc6 26. Kd2 Bf6 27. Rf4
Rb6 28. b3 Kd7 29. d5 Rb7 30. b4 Rc8 31. Bc5 axb4 32. axb4 Ra8 33. d6 g5 34.
hxg5 Be5 35. Rxf7 Bxd6 36. Bxd6 Kxd6 37. Kc3 Rc8+ 38. Kb3 Rh8 39. g6 Rbb8 40.
g7 Rhg8 41. Rg6+ Kd7 42. Rh6 Ke8 43. Rf8+ 1-0

[Event "25. Copenhagen Open  (Politiken Cup)"]
[Site "Copenhagen"]
[Date "2003.07.17"]
[Round "4"]
[White "Byklum, Bjornar"]
[Black "Hansen, Alexei"]
[Result "1-0"]
[WhiteElo "2214"]
[BlackElo "1973"]
[PlyCount "105"]
[EventDate "2003.07.14"]
[EventType "swiss"]
[EventRounds "11"]
[EventCountry "DEN"]
[SourceDate "2004.01.01"]

1. e4 c5 2. Nf3 e6 3. d3 Nc6 4. g3 g6 5. Bg5 f6 6. Be3 b6 7. Bg2 Bg7 8. O-O
Nge7 9. Nc3 O-O 10. d4 d6 11. Qd2 e5 12. dxc5 dxc5 13. Nd5 Bb7 14. Rad1 Nd4 15.
c3 Nxd5 16. exd5 Nf5 17. h4 Nd6 18. b3 c4 19. Bh3 Bc8 20. Be6+ Kh8 21. Kg2 Qe7
22. h5 Rd8 23. h6 Bf8 24. Nxe5 Bxe6 25. Nc6 Qd7 26. Qd4 Ne8 27. Nxd8 Bh3+ 28.
Kh2 Bxf1 29. Ne6 Bc5 30. Qf4 Bxe3 31. fxe3 Be2 32. Rd2 Bd3 33. bxc4 Bf5 34. Nd4
Qd6 35. Qf3 Bd7 36. e4 Rc8 37. Nb5 Qe5 38. Nxa7 Rxc4 39. Nc6 Qxe4 40. Qxe4 Rxe4
41. Nb8 Re7 42. d6 Rf7 43. Re2 Kg8 44. Nxd7 Rxd7 45. Rxe8+ Kf7 46. Rh8 Ke6 47.
Rg8 Rxd6 48. Rg7 Rd7 49. a4 Rxg7 50. hxg7 Kf7 51. c4 Kxg7 52. c5 bxc5 53. Kg2
1-0

[Event "25. Copenhagen Open  (Politiken Cup)"]
[Site "Copenhagen"]
[Date "2003.07.17"]
[Round "4"]
[White "Bohlke, Christian"]
[Black "Madsen, Poul Henrik"]
[Result "1-0"]
[WhiteElo "2205"]
[BlackElo "2080"]
[PlyCount "81"]
[EventDate "2003.07.14"]
[EventType "swiss"]
[EventRounds "11"]
[EventCountry "DEN"]
[SourceDate "2004.01.01"]

1. e4 d5 2. exd5 Qxd5 3. Nc3 Qa5 4. d4 c6 5. Bc4 Bf5 6. Nge2 e6 7. Bd2 Nf6 8.
O-O Qc7 9. Ng3 Bg6 10. f4 Bd6 11. Qf3 Nbd7 12. Nce4 Nxe4 13. Nxe4 Bxe4 14. Qxe4
Nf6 15. Qf3 O-O-O 16. c3 h5 17. b4 Bxb4 18. cxb4 Rxd4 19. Qe2 Ne4 20. Be3 Nc3
21. Bxd4 Nxe2+ 22. Bxe2 Rd8 23. Rad1 g5 24. Bxa7 gxf4 25. Rxd8+ Kxd8 26. Rd1+
Ke8 27. Bd4 e5 28. Bc5 h4 29. Bg4 e4 30. Rd7 Qxd7 31. Bxd7+ Kxd7 32. h3 e3 33.
Kf1 Ke6 34. Ke2 Ke5 35. Kf3 b5 36. Bb6 f6 37. Bc7+ Kd4 38. Bxf4 Kc4 39. a3 c5
40. bxc5 Kxc5 41. Bxe3+ 1-0

[Event "25. Copenhagen Open  (Politiken Cup)"]
[Site "Copenhagen"]
[Date "2003.07.17"]
[Round "4"]
[White "Christensen, Bo Garner"]
[Black "Christensen, Christian"]
[Result "1-0"]
[WhiteElo "2273"]
[BlackElo "2113"]
[PlyCount "55"]
[EventDate "2003.07.14"]
[EventType "swiss"]
[EventRounds "11"]
[EventCountry "DEN"]
[SourceDate "2004.01.01"]

1. d4 Nf6 2. Nf3 e6 3. Bf4 c5 4. e3 Nh5 5. Bg3 Qb6 6. Nc3 Qxb2 7. Nb5 Nxg3 8.
hxg3 Qb4+ 9. c3 Qa5 10. Ne5 d6 11. Nc4 Qd8 12. dxc5 dxc5 13. Qf3 f6 14. Rd1 Nd7
15. Qe4 Kf7 16. Ncd6+ Bxd6 17. Nxd6+ Ke7 18. Bc4 Ne5 19. f4 Nxc4 20. Nf5+ Kf7
21. Rxd8 Rxd8 22. Qxc4 b5 23. Qe4 Rb8 24. Nxg7 Kxg7 25. Rxh7+ Kf8 26. Qg6 Rd7
27. Qxf6+ Ke8 28. Qh8# 1-0

[Event "25. Copenhagen Open  (Politiken Cup)"]
[Site "Copenhagen"]
[Date "2003.07.17"]
[Round "4"]
[White "Christensen, Christoffer"]
[Black "Rasmussen, Poul"]
[Result "0-1"]
[WhiteElo "1599"]
[BlackElo "1498"]
[PlyCount "38"]
[EventDate "2003.07.14"]
[EventType "swiss"]
[EventRounds "11"]
[EventCountry "DEN"]
[SourceDate "2004.01.01"]

1. e4 e6 2. d3 Nc6 3. f4 d5 4. Nd2 dxe4 5. dxe4 Nf6 6. Bd3 e5 7. Ngf3 exf4 8.
Nb3 Bg4 9. Bxf4 Be7 10. Qd2 a5 11. Nbd4 Nxd4 12. Nxd4 O-O 13. Nf5 Bxf5 14. exf5
Bb4 15. c3 Re8+ 16. Be3 Bc5 17. Kd1 Bxe3 18. Qe2 Bh6 19. Qf3 Re3 0-1

[Event "25. Copenhagen Open  (Politiken Cup)"]
[Site "Copenhagen"]
[Date "2003.07.17"]
[Round "4"]
[White "Christensen, Jan N"]
[Black "Skaanning Pedersen, Kim Henrik"]
[Result "0-1"]
[WhiteElo "2053"]
[BlackElo "2187"]
[PlyCount "48"]
[EventDate "2003.07.14"]
[EventType "swiss"]
[EventRounds "11"]
[EventCountry "DEN"]
[SourceDate "2004.01.01"]

1. e4 c5 2. Nc3 g6 3. f4 Bg7 4. Nf3 Nc6 5. Bb5 Nd4 6. Nxd4 cxd4 7. Ne2 Qb6 8.
Bd3 Nf6 9. b3 d6 10. h3 Nd7 11. Ng3 Nc5 12. Qf3 Nxd3+ 13. Qxd3 a5 14. a4 O-O
15. Bb2 Qa6 16. Qxa6 Rxa6 17. Ne2 e5 18. c3 Rb6 19. cxd4 Rxb3 20. Ba3 exd4 21.
Bxd6 Re8 22. e5 f6 23. Nxd4 Rd3 24. Nf3 Rxd6 0-1

[Event "25. Copenhagen Open  (Politiken Cup)"]
[Site "Copenhagen"]
[Date "2003.07.17"]
[Round "4"]
[White "Christensen, Janus"]
[Black "Nhr, Finn"]
[Result "1/2-1/2"]
[WhiteElo "1951"]
[BlackElo "2136"]
[PlyCount "54"]
[EventDate "2003.07.14"]
[EventType "swiss"]
[EventRounds "11"]
[EventCountry "DEN"]
[SourceDate "2004.01.01"]

1. e4 e5 2. d4 exd4 3. Qxd4 Nc6 4. Qe3 Be7 5. Nc3 Nf6 6. Bd2 d5 7. exd5 Nxd5 8.
Qg3 O-O 9. O-O-O Bd6 10. f4 Nce7 11. Nxd5 Nxd5 12. Bc4 Ne7 13. Nf3 Ng6 14. Ng5
Bf5 15. h4 h6 16. h5 Nxf4 17. Nxf7 Ne2+ 18. Bxe2 Bxg3 19. Nxd8 Raxd8 20. Bc4+
Kh8 21. Bc3 Rxd1+ 22. Rxd1 Bg4 23. Rd4 Bc8 24. Re4 Bd6 25. g4 Bd7 26. Be2 Rf2
27. Kd1 Rf4 1/2-1/2

[Event "25. Copenhagen Open  (Politiken Cup)"]
[Site "Copenhagen"]
[Date "2003.07.17"]
[Round "4"]
[White "Christensen, Stefan"]
[Black "Baark, Mathias"]
[Result "1-0"]
[WhiteElo "2221"]
[BlackElo "1800"]
[PlyCount "57"]
[EventDate "2003.07.14"]
[EventType "swiss"]
[EventRounds "11"]
[EventCountry "DEN"]
[SourceDate "2004.01.01"]

1. e4 d5 2. exd5 Qxd5 3. Nc3 Qa5 4. Nf3 Nf6 5. d4 Bg4 6. h3 Bxf3 7. Qxf3 c6 8.
Bc4 e6 9. O-O Be7 10. Re1 O-O 11. Bd2 Qc7 12. Bf4 Bd6 13. Bg5 Nbd7 14. Ne4 Nxe4
15. Rxe4 Rfe8 16. Rh4 Nf8 17. Qh5 Be7 18. f4 f6 19. Bd3 fxg5 20. Bxh7+ Nxh7 21.
Qxh7+ Kf8 22. Qh8+ Kf7 23. Qh5+ Kg8 24. fxg5 Bxg5 25. Qxg5 Rf8 26. Qg6 Rae8 27.
Qh7+ Kf7 28. Rf1+ Ke7 29. Qxg7+ 1-0

[Event "25. Copenhagen Open  (Politiken Cup)"]
[Site "Copenhagen"]
[Date "2003.07.17"]
[Round "4"]
[White "Christoffersen, Jan"]
[Black "Knudsen, Erik"]
[Result "1-0"]
[WhiteElo "1398"]
[BlackElo "1105"]
[PlyCount "71"]
[EventDate "2003.07.14"]
[EventType "swiss"]
[EventRounds "11"]
[EventCountry "DEN"]
[SourceDate "2004.01.01"]

1. e4 c6 2. Nf3 d5 3. exd5 cxd5 4. d4 Nc6 5. Nc3 Nf6 6. Bb5 Bd7 7. O-O e6 8.
Qe2 Bd6 9. Bg5 Be7 10. Rad1 O-O 11. Rfe1 Rc8 12. Ne5 a6 13. Nxc6 Bxc6 14. Bd3
Re8 15. Qf3 Qb6 16. Qh3 Bd7 17. Bxf6 g6 18. Bxe7 Rxe7 19. Nxd5 exd5 20. Qh4
Rxe1+ 21. Rxe1 Re8 22. Rxe8+ Bxe8 23. b3 Qe6 24. h3 Qe1+ 25. Kh2 Qa5 26. a4 b5
27. Qe7 Bc6 28. Qd6 Qb6 29. a5 Qxd4 30. Qxc6 Qf4+ 31. Kg1 Qc1+ 32. Bf1 d4 33.
Qxa6 Qxc2 34. Qxb5 Qb1 35. a6 d3 36. Qxd3 1-0

[Event "25. Copenhagen Open  (Politiken Cup)"]
[Site "Copenhagen"]
[Date "2003.07.17"]
[Round "4"]
[White "Cohen, Ronnie"]
[Black "Pedersen, Kaj Vinding"]
[Result "1-0"]
[WhiteElo "1695"]
[BlackElo "1553"]
[PlyCount "143"]
[EventDate "2003.07.14"]
[EventType "swiss"]
[EventRounds "11"]
[EventCountry "DEN"]
[SourceDate "2004.01.01"]

1. e4 Nf6 2. e5 Nd5 3. d4 d6 4. Nf3 Bf5 5. Bd3 Qd7 6. a3 a6 7. exd6 Qe6+ 8. Be2
exd6 9. c4 Nf6 10. d5 Qd7 11. O-O Bxb1 12. Rxb1 Qf5 13. Bd3 Qd7 14. Re1+ Be7
15. Qe2 Kd8 16. Qc2 b6 17. Bf5 Qe8 18. Bg5 Nbd7 19. Nd4 Nb8 20. Re2 c5 21. Nf3
a5 22. Rbe1 Ra7 23. Qb3 b5 24. a4 b4 25. Bf4 Qf8 26. Qe3 Nh5 27. Bg5 f6 28. Bh4
g6 29. Bc2 Qf7 30. Nd2 Re8 31. f4 Ng7 32. Qh3 f5 33. Nf3 h6 34. Bxe7+ Raxe7 35.
Rxe7 Rxe7 36. Qxh6 Rxe1+ 37. Nxe1 Qf6 38. Qg5 Ke7 39. Nf3 Kf7 40. Qxf6+ Kxf6
41. Kf2 Nd7 42. g3 Nh5 43. Ke3 Kf7 44. Ng5+ Ke7 45. Kf3 Nhf6 46. h3 Nf8 47. g4
fxg4+ 48. hxg4 N6d7 49. Kg3 Kf6 50. Ne4+ Ke7 51. Kh4 Nf6 52. Nf2 N6h7 53. g5
Kf7 54. Kg4 Ke7 55. Nd1 Kf7 56. Ne3 Nd7 57. Ng2 Nb6 58. Nh4 Nf8 59. f5 gxf5+
60. Nxf5 Nc8 61. Nh6+ Kg7 62. Nf5+ Kf7 63. Kh5 Ke8 64. g6 Nxg6 65. Kxg6 Kd8 66.
Kf6 Kd7 67. Bd1 Nb6 68. Bg4 Kc7 69. Ke6 Nd7 70. Nxd6 Nf8+ 71. Kf7 Nh7 72. Ne4
1-0

[Event "25. Copenhagen Open  (Politiken Cup)"]
[Site "Copenhagen"]
[Date "2003.07.17"]
[Round "4"]
[White "Dalso, Harry"]
[Black "Larsen, Allan"]
[Result "0-1"]
[WhiteElo "1802"]
[BlackElo "2160"]
[PlyCount "82"]
[EventDate "2003.07.14"]
[EventType "swiss"]
[EventRounds "11"]
[EventCountry "DEN"]
[SourceDate "2004.01.01"]

1. e4 c5 2. b3 e6 3. Bb2 d5 4. Bb5+ Bd7 5. Bxd7+ Qxd7 6. Qg4 d4 7. e5 Nc6 8. f4
O-O-O 9. Na3 h5 10. Qe2 Nb4 11. Nh3 Ne7 12. Nf2 Qc6 13. O-O Nf5 14. Nd3 Nd5 15.
Rac1 Rh6 16. c3 dxc3 17. Bxc3 Rg6 18. Nb4 Nxb4 19. Bxb4 Nd4 20. Qf2 Kb8 21. Bc3
Nf5 22. Nc4 Rd3 23. Ne3 Nh6 24. Qe2 c4 25. Kh1 Bc5 26. Nxc4 h4 27. Ne3 Bxe3 28.
dxe3 Rxe3 29. Qd2 Rd3 30. Qe2 h3 31. Rf2 hxg2+ 32. Kg1 Rxc3 33. Rd1 Rc1 34. Qd2
Rxd1+ 35. Qxd1 Qb6 36. Qd6+ Qxd6 37. exd6 Nf5 38. d7 Kc7 39. Rd2 Kd8 40. a4 Nh4
41. b4 Nf3+ 0-1

[Event "25. Copenhagen Open  (Politiken Cup)"]
[Site "Copenhagen"]
[Date "2003.07.17"]
[Round "4"]
[White "De Andres Gonalons, Fernando"]
[Black "Skjoldborg, Jesper"]
[Result "0-1"]
[WhiteElo "2112"]
[BlackElo "2253"]
[PlyCount "92"]
[EventDate "2003.07.14"]
[EventType "swiss"]
[EventRounds "11"]
[EventCountry "DEN"]
[SourceDate "2004.01.01"]

1. d4 Nf6 2. c4 c5 3. d5 b5 4. cxb5 a6 5. bxa6 g6 6. g3 Bxa6 7. Nc3 d6 8. Bg2
Bg7 9. Nf3 Nbd7 10. O-O Nb6 11. Re1 O-O 12. Nd2 Ra7 13. Nf1 Qa8 14. Ne3 Bb7 15.
Rb1 Na4 16. Nxa4 Rxa4 17. a3 Rd4 18. Qc2 Nxd5 19. Nxd5 Bxd5 20. e3 Bxg2 21.
exd4 Bxd4 22. Be3 Bh3 23. f4 Bf5 24. Qd2 Bxe3+ 25. Qxe3 Bxb1 26. Rxb1 e6 27. b4
cxb4 28. axb4 Rc8 29. Qf2 Qe4 30. Qe1 Qxe1+ 31. Rxe1 Kf8 32. Ra1 Rb8 33. Ra4
Ke7 34. Kf2 Kd8 35. Ke3 Kc7 36. Kd4 Kb6 37. Kc4 Rc8+ 38. Kb3 d5 39. Ra2 d4 40.
Rd2 Rc3+ 41. Kb2 Rc4 42. Kb3 Kb5 43. Ra2 Rxb4+ 44. Kc2 Kc4 45. Ra7 d3+ 46. Kd2
Rb2+ 0-1

[Event "25. Copenhagen Open  (Politiken Cup)"]
[Site "Copenhagen"]
[Date "2003.07.17"]
[Round "4"]
[White "Eddy, Samuel"]
[Black "Pedersen, Audun"]
[Result "1/2-1/2"]
[WhiteElo "2055"]
[BlackElo "1536"]
[PlyCount "82"]
[EventDate "2003.07.14"]
[EventType "swiss"]
[EventRounds "11"]
[EventCountry "DEN"]
[SourceDate "2004.01.01"]

1. c4 e6 2. g3 c5 3. Bg2 Nc6 4. Nc3 Nf6 5. d3 b6 6. Bf4 Bb7 7. Qa4 a6 8. Nf3
Be7 9. Ne5 Qc8 10. Nxc6 Bxc6 11. Bxc6 Qxc6 12. Qxc6 dxc6 13. O-O Rc8 14. a3 O-O
15. Na2 a5 16. Rfb1 Ra8 17. Bd2 Rfb8 18. b4 cxb4 19. axb4 a4 20. b5 cxb5 21.
Rxb5 Nd7 22. Be3 Nc5 23. Rab1 a3 24. Rxb6 Rxb6 25. Rxb6 Na4 26. Rb7 Bf6 27. Rb3
Nc3 28. Nxc3 Bxc3 29. Rxc3 a2 30. Rc1 a1=Q 31. Rxa1 Rxa1+ 32. Kg2 Kf8 33. Kf3
Ra2 34. Bd4 f6 35. h4 Kf7 36. Be3 e5 37. Bc5 f5 38. Bd6 Ke6 39. Bc5 g6 40. Ke3
Rc2 41. Bf8 Ra2 1/2-1/2

[Event "25. Copenhagen Open  (Politiken Cup)"]
[Site "Copenhagen"]
[Date "2003.07.17"]
[Round "4"]
[White "Edvardsen, Ingar"]
[Black "Pedersen, Steen"]
[Result "0-1"]
[WhiteElo "1156"]
[BlackElo "1865"]
[PlyCount "56"]
[EventDate "2003.07.14"]
[EventType "swiss"]
[EventRounds "11"]
[EventCountry "DEN"]
[SourceDate "2004.01.01"]

1. e4 c5 2. Nf3 Nc6 3. d4 cxd4 4. Nxd4 Nf6 5. Nc3 e5 6. Nb3 Bb4 7. Bd3 d5 8.
O-O Bxc3 9. bxc3 dxe4 10. Bb5 Qxd1 11. Rxd1 Bg4 12. Re1 O-O 13. Nc5 Bf5 14.
Nxb7 Nd8 15. Nd6 Bg6 16. Ba3 Ne6 17. Bc6 Rab8 18. Bxe4 Nxe4 19. Nxe4 Rfd8 20.
Rac1 Rb5 21. Ra1 f6 22. f3 Bxe4 23. Rxe4 Rd2 24. Rb4 Rbd5 25. Rb8+ Kf7 26. Rb7+
Kg6 27. Rxa7 Re2 28. Bc1 Rd1# 0-1

[Event "25. Copenhagen Open  (Politiken Cup)"]
[Site "Copenhagen"]
[Date "2003.07.17"]
[Round "4"]
[White "Edvardsson, Hannu Kalervo"]
[Black "Jacobsen, Claus"]
[Result "1/2-1/2"]
[WhiteElo "1325"]
[BlackElo "1075"]
[PlyCount "52"]
[EventDate "2003.07.14"]
[EventType "swiss"]
[EventRounds "11"]
[EventCountry "DEN"]
[SourceDate "2004.01.01"]

1. e4 e5 2. c4 Nc6 3. Nf3 Bc5 4. Be2 Nf6 5. d3 Ng4 6. O-O d6 7. h3 Nxf2 8. Rxf2
Bxf2+ 9. Kxf2 Be6 10. Be3 h6 11. Nc3 a6 12. a3 Qf6 13. Ke1 g5 14. Nd5 Bxd5 15.
cxd5 Ne7 16. Qa4+ c6 17. dxc6 Nxc6 18. Rc1 b5 19. Qb3 Nd4 20. Qd5 Nxf3+ 21.
Bxf3 O-O 22. Bg4 Kg7 23. Ke2 Qg6 24. Bf5 Qh5+ 25. Bg4 Qg6 26. Bf5 Qh5+ 1/2-1/2